{"text_format":"3","workbook":"xlsx","n_sheets":1,"sheets":["Sheet1"],"not_rendered":{"defined_names":2},"read":"whole","date_system":"1900"}

{"sheet":"Sheet1","index":0,"n_rows":55,"n_cols":8,"rows_kept":55,"merged":[[0,0,0,7],[2,1,13,1],[14,1,21,1],[22,1,29,1],[30,1,37,1],[38,1,44,1],[45,1,46,1],[47,1,51,1],[52,1,53,1]]}
["门窗、栏杆统计表"]
["序号","楼栋号","名称","暂定工程量","单位","含税综合单价","含税总价","技术要求"]
[1,"综合调度","实木门",{"v":366,"d":"366.00"},"m2",508.44,{"$f":"D3*F3","v":186089.04},"成品实木门"]
[2,null,"实木推拉门",{"v":24,"d":"24.00"},"m2",508.44,{"$f":"D4*F4","v":12202.56},"成品实木门"]
[3,null,"成品钢质甲级防火门",{"v":15,"d":"15.00"},"m2",465.15,6977.25,"钢质防火门"]
[4,null,"成品钢质乙级防火门",{"v":147,"d":"147.00"},"m2",465.15,68377.05,"钢质防火门"]
[5,null,"成品钢质丙级防火门",{"v":13,"d":"13.00"},"m2",465.15,6046.95,"钢质防火门"]
[6,null,"铝合金窗 固定窗带开启扇",{"v":2821,"d":"2821.00"},"m2",358.83,1012259.43,"1、窗框型材采用70型（带开启扇），材质颜色及规格综合\n2、玻璃品种、厚度：铝合金窗壁厚均为1.8mm，铝合金门型材框厚度为2.2mm，玻璃为6mm厚中透光Low-E+9Ar+6"]
[7,null,"铝合金窗 弧形",{"v":186,"d":"186.00"},"m2",384.91,71593.26,"1、窗框型材采用70型铝合金窗，弧形 材质颜色及规格综合\n2、玻璃品种、厚度：铝合金窗壁厚均为1.8mm，铝合金门型材框厚度为2.2mm，玻璃为6mm厚中透光Low-E+9Ar+6"]
[8,null,"铝合金门联窗",{"v":62,"d":"62.00"},"m2",477.17,29584.54,"1、窗框型材采用70型铝合金门联窗，材质颜色及规格综合\n2、玻璃品种、厚度：6mm厚中透光Low-E+9Ar+6"]
[9,null,"铝合金百叶",{"v":340,"d":"340.00"},"m2",249.7,84898,"1、骨架材料种类、规格、中距：型钢 表面处理综合，铝型材（粉沫喷涂、阳极氧化、氟碳喷涂等）表面处理综合，种类规格间距综合，龙骨直形、弧形综合考虑\n2、面层材料品种：铝合金防雨百叶（氟碳喷涂），规格颜色综合"]
[10,null,"不锈钢护窗栏杆",{"v":916,"d":"916.00"},"m",246.96,226215.36,"1.做法：详18J412图集62 1b"]
[11,null,"无障碍坡道栏杆",{"v":17,"d":"17.00"},"m",326.5,5550.5,"1.做法：详12J926图集H4 详图 C"]
[12,null,"楼梯栏杆",{"v":143,"d":"143.00"},"m",120.27,17198.61,"1.扶手材料种类、规格、品牌：外径Φ50钢管扶手，壁厚3mm\n2.栏杆材料种类、规格、品牌 ：Φ28钢筋，外套外径Φ32套管\n3.其他：按施工图要求详图集18J412图集"]
[13,"1#楼","实木门 ",{"v":24,"d":"24.00"},"m2",508.44,12202.56,"成品实木门"]
[14,null,"成品钢质甲级防火门",{"v":18,"d":"18.00"},"m2",465.15,8372.7,"钢质防火门"]
[15,null,"成品钢质乙级防火门",{"v":16,"d":"16.00"},"m2",465.15,7442.4,"钢质防火门"]
[16,null,"铝合金窗",{"v":447,"d":"447.00"},"m2",223.46,99886.62,"1、窗框、扇材质:80型铝合金窗，材质颜色及规格综合\n2、玻璃品种、厚度：铝合金窗壁厚均为1.8mm，铝合金门型材框厚度为2.2mm，玻璃为6mm单层白玻"]
[17,null,"铝合金窗 弧形",{"v":736,"d":"736.00"},"m2",241.91,178045.76,"1、窗框、扇材质:80型铝合金窗，弧形 材质颜色及规格综合\n2、玻璃品种、厚度：铝合金窗壁厚均为1.8mm，铝合金门型材框厚度为2.2mm，玻璃为6mm单层白玻"]
[18,null,"铝合金门联窗",{"v":162,"d":"162.00"},"m2",223.46,36200.52,"1、窗框、扇材质:80型铝合金门联窗，材质颜色及规格综合\n2、玻璃品种、厚度：铝合金窗壁厚均为1.8mm，铝合金门型材框厚度为2.2mm，玻璃为6mm单层白玻"]
[19,null,"楼梯间扶手栏杆 900高",{"v":68,"d":"68.00"},"m",136.82,9303.76,"1.高度：H=900mm\n2.详图集西南18J412-48页-6d/68-1d\n3.预埋件及配件包括在综合单价中"]
[20,null,"顶层水平栏杆 H=1100mm",{"v":4,"d":"4.00"},"m",136.82,547.28,"1.高度：H=1100mm\n2.详图集西南18J412-48页-6d/68-1d\n3.预埋件及配件包括在综合单价中"]
[21,"2#楼","成品钢质甲级防火门",{"v":26,"d":"26.00"},"m2",465.15,12093.9,"钢质防火门"]
[22,null,"成品钢质乙级防火门",{"v":24,"d":"24.00"},"m2",465.15,11163.6,"钢质防火门"]
[23,null,"实木门",{"v":68,"d":"68.00"},"m2",508.44,34573.92,"成品实木门"]
[24,null,"铝合金窗",{"v":644,"d":"644.00"},"m2",223.46,143908.24,"1、窗框、扇材质:80型铝合金窗，材质颜色及规格综合\n2、玻璃品种、厚度：铝合金窗壁厚均为1.8mm，铝合金门型材框厚度为2.2mm，玻璃为6mm单层白玻"]
[25,null,"铝合金窗 弧形",{"v":905,"d":"905.00"},"m2",241.91,218928.55,"1、窗框、扇材质:80型铝合金窗，弧形 材质颜色及规格综合\n2、玻璃品种、厚度：铝合金窗壁厚均为1.8mm，铝合金门型材框厚度为2.2mm，玻璃为6mm单层白玻"]
[26,null,"铝合金门联窗",{"v":426,"d":"426.00"},"m2",223.46,95193.96,"1、窗框、扇材质:80型铝合金门联窗，材质颜色及规格综合\n2、玻璃品种、厚度：铝合金窗壁厚均为1.8mm，铝合金门型材框厚度为2.2mm，玻璃为6mm单层白玻"]
[27,null,"楼梯梯段栏杆 H=900mm",{"v":72,"d":"72.00"},"m",136.82,9851.04,"1.高度：H=900mm\n2.详图集西南18J412-48页-6d/68-1d\n3.预埋件及配件包括在综合单价中"]
[28,null,"楼梯梯段栏杆 H=1100mm",{"v":4,"d":"4.00"},"m",136.82,547.28,"1.高度：H=1100mm\n2.详图集西南18J412-48页-6d/68-1d\n3.预埋件及配件包括在综合单价中"]
[29,"3#楼","成品钢质甲级防火门",{"v":34,"d":"34.00"},"m2",465.15,15815.1,"钢质防火门"]
[30,null,"成品钢质乙级防火门",{"v":32,"d":"32.00"},"m2",465.15,14884.8,"钢质防火门"]
[31,null,"实木门",{"v":117,"d":"117.00"},"m2",508.44,59487.48,"成品实木门"]
[32,null,"铝合金窗",{"v":405,"d":"405.00"},"m2",223.46,90501.3,"1、窗框、扇材质:80型铝合金窗，材质颜色及规格综合\n2、玻璃品种、厚度：铝合金窗壁厚均为1.8mm，铝合金门型材框厚度为2.2mm，玻璃为6mm单层白玻"]
[33,null,"铝合金窗 弧形",{"v":1438,"d":"1438.00"},"m2",241.91,347866.58,"1、窗框、扇材质:80型铝合金窗，弧形 材质颜色及规格综合\n2、玻璃品种、厚度：铝合金窗壁厚均为1.8mm，铝合金门型材框厚度为2.2mm，玻璃为6mm单层白玻"]
[34,null,"铝合金门联窗",{"v":609,"d":"609.00"},"m2",223.46,{"$f":"D36*F36","v":136087.14},"1、窗框、扇材质:80型铝合金门联窗，材质颜色及规格综合\n2、玻璃品种、厚度：铝合金窗壁厚均为1.8mm，铝合金门型材框厚度为2.2mm，玻璃为6mm单层白玻"]
[35,null,"楼梯间扶手栏杆 900高",{"v":175,"d":"175.00"},"m",136.82,23943.5,"1.高度：H=900mm\n2.详图集西南18J412-48页-6d/68-1d\n3.预埋件及配件包括在综合单价中"]
[36,null,"顶层水平栏杆 H=1100mm",{"v":3,"d":"3.00"},"m",136.82,410.46,"1.高度：H=1100mm\n2.详图集西南18J412-48页-6d/68-1d\n3.预埋件及配件包括在综合单价中"]
[37,"冷链物流中心","实木门",{"v":12,"d":"12.00"},"m2",508.44,6101.28,"成品实木门"]
[38,null,"成品木质乙级防火门",{"v":2,"d":"2.00"},"m2",465.15,930.3,"成品乙级木质防火门"]
[39,null,"成品钢质甲级防火门",{"v":10,"d":"10.00"},"m2",465.15,4651.5,"钢质防火门"]
[40,null,"钢质门",{"v":26,"d":"26.00"},"m2",435.11,11312.86,"钢质门"]
[41,null,"钢制卷帘门",{"v":158,"d":"158.00"},"m2",206.97,32701.26,"1.门材质:钢质卷帘门\n2.工程量按洞口尺寸计算,卷筒卷起部分含在综合单价中\n3.综合单价已包含门框、门锁等费用"]
[42,null,"铝合金窗 80系列铝合金型材",{"v":1266,"d":"1266.00"},"m2",320.33,405537.78,"1、窗框、扇材质:80型铝合金窗，材质颜色及规格综合\n2、玻璃品种、厚度：铝合金窗壁厚均为1.8mm，铝合金门型材框厚度为2.2mm，玻璃为6mm高透光Low-E+12A+6厚玻璃"]
[43,null,"金属百叶窗 矩管百叶",{"v":346,"d":"346.00"},"m2",185.04,64023.84,"1.框、扇材质：矩管百叶50*50*4\n2.其他：满足相关标准、规范及招标文件要求"]
[44,"6#楼设备厂房","成品钢质甲级防火门",{"v":18,"d":"18.00"},"m2",465.15,8372.7,"钢质防火门"]
[45,null,"塑钢窗 平开窗",{"v":5,"d":"5.00"},"m2",242,1210,"1、框材质：多腔隔热金属框，规格、型号、颜色详图综合\n2、玻璃品种、厚度：铝合金窗壁厚均为1.8mm，铝合金门型材框厚度为2.2mm，玻璃为6mm"]
[46,"7#楼设备厂房","实木门",{"v":4,"d":"4.00"},"m2",508.44,2033.76,"成品实木门"]
[47,null,"成品钢质甲级防火门",{"v":9,"d":"9.00"},"m2",465.15,4186.35,"钢质防火门"]
[48,null,"成品钢质乙级防火门",{"v":3,"d":"3.00"},"m2",465.15,1395.45,"钢质防火门"]
[49,null,"铝合金百叶",{"v":2,"d":"2.00"},"m2",249.7,499.4,"1、骨架材料种类、规格、中距：型钢 表面处理综合，铝型材（粉沫喷涂、阳极氧化、氟碳喷涂等）表面处理综合，种类规格间距综合，龙骨直形、弧形综合考虑\n2、面层材料品种：铝合金防雨百叶（氟碳喷涂），规格颜色综合"]
[50,null,"楼梯梯段栏杆 H=1100mm",{"v":22,"d":"22.00"},"m",136.82,3010.04,"1.高度：H=1100mm\n2.详图集西南18J412-48页-6d/68-1d\n3.预埋件及配件包括在综合单价中"]
[51,"门卫室","实木门",{"v":4,"d":"4.00"},"m2",508.44,2033.76,"成品实木门"]
[52,null,"铝合金窗",{"v":4,"d":"4.00"},"m2",195.98,783.92,"1、框、扇材质：铝合金窗，颜色为彩色综合\n2、玻璃品种、厚度：铝合金窗壁厚均为1.8mm，铝合金门型材框厚度为2.2mm，玻璃为6中透光Low-E+12Ar+6透明"]
["合计",{"$nulls":5},{"$f":"SUM(G3:G54)","v":{"v":3843035.2,"d":"3843035.20"}}]